000 00371cam a22001097a 4500
008 180718b1984 xxu||||| |||| 00| 0 eng d
082 _aY73x5451 M289
100 _aMajumdar, N.
245 _aRecords of the zoological survey of India: on a collection of birds from adilabad district
_cby N. Majumdar
260 _aCalcutta
_bZoological Survey of India
_c1984
300 _a63p.
999 _c499213
_d499213